| 000 | 00912nam a2200265 i 4500 | ||
|---|---|---|---|
| 001 | 17382 | ||
| 003 | ES-MaACL | ||
| 005 | 20240424091324.0 | ||
| 007 | t| | ||
| 008 | 010227s1992 sp f |||| | spa d | ||
| 020 | _a84-7039-662-5 | ||
| 080 | _a821.134.2"18"(082.2) | ||
| 245 | 0 | 0 |
_aAntología poética de escritoras del siglo XIX / _cedición, introducción y notas de Susan Kirkpatrick. |
| 260 |
_aMadrid : _bCastalia : _bInstituto de la Mujer, _c[1992] |
||
| 300 |
_a356 p., [3] h. de lám. ; _c20 cm. |
||
| 490 | 1 |
_aBiblioteca de escritoras ; _v6 |
|
| 504 | _aBibliografía: p. 65-66. | ||
| 650 | 4 |
_aPoesías españolas- _xAutoras. _9170473 |
|
| 650 | 4 |
_aPoesía española- _yS.XIX _916217 |
|
| 700 | 1 |
_aKirkpatrick, Susan. _968131 |
|
| 710 | 2 |
_aInstituto de la Mujer (España) _94980 |
|
| 830 | 0 |
_aBiblioteca de escritoras ; _v6 _9179314 |
|
| 852 |
_aES-MaACL _jL-24424 |
||
| 999 |
_c17382 _d17382 |
||